00357nam a2200133Ia 4500008004100000020001800041022001500059040001300074082001400087100001700101245007000118260002500188300001000213191130s2010##################000#0#eng## a9780670917037 a2011925041 aACLcACL a302.4 YOU aYounge, Gary aWho are we and should it matter in the 21st century?cGary Younge aLondonbVikingc2010 a246 p